| 000 | 00501nam a2200181 i 4500 | ||
|---|---|---|---|
| 001 | 84387 | ||
| 003 | ES-MaACL | ||
| 005 | 20230906175016.0 | ||
| 007 | t| | ||
| 008 | 041122s1901 fr |||| | fre d | ||
| 080 | _a821.133.1-14"19" | ||
| 100 | 1 |
_aJammes, Francis. _965987 |
|
| 245 | 1 | 3 |
_aLe deuil des primevères, 1898-1900 / _cFrancis Jammes. |
| 250 | _a3éme éd. | ||
| 260 |
_aParis : _b[s.n.], _c1901 ( _ePoitiers : _fBlais et Roy) |
||
| 300 |
_a213 p. ; _c18 cm. |
||
| 852 |
_aES-MaACL _jF-9591 |
||
| 999 |
_c84387 _d84387 |
||